000 00620nam a2200205 a 4500
001 3473
003 CO-ViMGA
008 141112s2004 ck r 000 u spa d
040 _aCO-ViMGA
_bspa
_cCO-ViMGA
082 0 4 _a793.73 F741
100 1 _aFriant, Jean
_95056
245 1 0 _aJuegos lógicos en el mundo de la inteligencia artificial /
_cFriant Jean , L'Hospitalier Yvon
260 _aBarcelona :
_bGedisa,
_c1987
300 _a195 p
490 _aHumor y entretenimiento
650 1 4 _aINTELIGENCIA ARTIFICIAL
_95057
650 1 4 _aJUEGOS DE INGENIO
_95058
650 1 4 _aL'Hospitalier, Yvon
_95059
942 _2ddc
_cBK
999 _c15518
_d15518